书目信息 |
| 题名: |
园林建筑与景观设计
|
|
| 作者: | 徐茜茜 , 王欣国 , 孔磊 编著 | |
| 分册: | ||
| 出版信息: | 北京 光明日报出版社 2017.5 |
|
| 页数: | ||
| 开本: | 19cm | |
| 丛书名: | ||
| 单 册: | ||
| 中图分类: | TU986.4 | |
| 科图分类: | ||
| 主题词: | 园林建筑--景观设计 | |
| 电子资源: | ||
| ISBN: | 978-7-5194-1548-8 | |
| 000 | 01228nam0 2200253 450 | |
| 001 | 0400003749 | |
| 005 | 20171022133915.0 | |
| 010 | @a978-7-5194-1548-8@dCNY62.00 | |
| 100 | @a20160731e2017 em y0chiy0110 ea | |
| 101 | 0 | @achi |
| 102 | @aCN@b110000 | |
| 105 | @ay z 000yy | |
| 106 | @ar | |
| 200 | 1 | @a园林建筑与景观设计@9yuan lin jian zhu yu jing guan she ji@f徐茜茜,王欣国,孔磊编著 |
| 210 | @a北京@c光明日报出版社@d2017.5 | |
| 215 | @d19cm | |
| 330 | @a本书介绍了园林建筑与景观设计的方法。园林景观设计师从事的工作领域涉及环境景观建设的诸多因素,因此需要从业人员具备良好的工作素质。比起大刀阔斧的城市规划,景观设计师则在于对城市环境的精碉细啄,所以又称为城市美容师,他们不是简单做作设计、画画图样、一个优秀的景观设计师不仅需要懂得城市规划、生态学、环境艺术学、建筑学、园林工程学、植物学,还要了解人文心理学、社会科学等方面的知识。也就是说,要熟知自然科学、社会科学和工程学三个方面的知识,了解景观环境设计艺术与硬科学、工程技术的关系,掌握城市景观环境规划设计的技能。 | |
| 606 | 0 | @a园林建筑@x景观设计 |
| 690 | @aTU986.4@v5 | |
| 701 | 0 | @a徐茜茜@9xu qian qian@4编著 |
| 701 | 0 | @a王欣国@9wang xin guo@4编著 |
| 701 | 0 | @a孔磊@9kong lei@4编著 |
| 801 | 0 | @aCN@b91CIP@c20171022 |
| 905 | @b1023100-4@dTU986.4@f5@e1031 | |
| 园林建筑与景观设计/徐茜茜,王欣国,孔磊编著.-北京:光明日报出版社,2017.5 |
| 19cm |
| ISBN 978-7-5194-1548-8:CNY62.00 |
| 本书介绍了园林建筑与景观设计的方法。园林景观设计师从事的工作领域涉及环境景观建设的诸多因素,因此需要从业人员具备良好的工作素质。比起大刀阔斧的城市规划,景观设计师则在于对城市环境的精碉细啄,所以又称为城市美容师,他们不是简单做作设计、画画图样、一个优秀的景观设计师不仅需要懂得城市规划、生态学、环境艺术学、建筑学、园林工程学、植物学,还要了解人文心理学、社会科学等方面的知识。也就是说,要熟知自然科学、社会科学和工程学三个方面的知识,了解景观环境设计艺术与硬科学、工程技术的关系,掌握城市景观环境规划设计的技能。 |
| ● |
| 相关链接 |
|
|
|
|
正题名:园林建筑与景观设计
索取号:TU986.4/1031
 
预约/预借
| 序号 | 登录号 | 条形码 | 馆藏地/架位号 | 状态 | 备注 |
| 1 | 1023100 | 210231006 | 第二样本阅览室/ [索取号:TU986.4/1031] | 在馆 | |
| 2 | 1023101 | 210231015 | 第三借阅区/ [索取号:TU986.4/1031] | 在馆 | |
| 3 | 1023102 | 210231024 | 第三借阅区/ [索取号:TU986.4/1031] | 在馆 | |
| 4 | 1023103 | 210231033 | 第三借阅区/ [索取号:TU986.4/1031] | 在馆 | |
| 5 | 1023104 | 210231042 | 密集书库-生命科学系/ [索取号:TU986.4/1031] | 在馆 |